| 000 | 00571cam a2200169 a 4500 | ||
|---|---|---|---|
| 020 | _a0079118178 (recycled, acidfree paper) : | ||
| 040 | _cDLC | ||
| 082 | 0 | 0 | _a006 HIL 1994 A006 Or. |
| 100 | 1 | _aFu, LiMin, | |
| 245 | 1 | 0 | _aNeural networks in computer intelligence / |
| 260 |
_aNew York : _bMcGraw-Hill, _cc1994. |
||
| 300 |
_axix, 460 p. : _bill. ; _c25 cm. + _e1 computer disk (5 1/4 in.) |
||
| 500 | _aSystem requirements for computer disk: IBM-compatible PC; DOS. | ||
| 650 | 0 | _aNeural networks (Computer science) | |
| 650 | 0 | _aArtificial intelligence. | |
| 942 | _cEK | ||
| 999 |
_c11927 _d11927 |
||